• 首页
  • 本馆介绍
  • 公告通知
  • 最新文献
  • 馆藏检索
  • 电子资源
  • 读者导购
  • 参考咨询
  • 我的图书馆
  • 登录
  • 详细信息显示
  • 放入我的书架
  • 预约/预借图书
  • 作者相关作品
  • 分类相关作品
  • 丛书相关作品
  • 出版社相关作品

书目信息

  • 表格格式
  • 工作单格式
  • 卡片格式
题名:
怎样作拉线
    
 
作者: 庞九洋 著
分册:  
出版信息: 北京   人民邮电出版社  1958
页数: 107页
开本: 19cm
丛书名:
单 册:
中图分类: TM752
科图分类:
主题词: 通信线路-架设 , 架设-通信线路 , 电力工程--输配电线路 , 线路杆塔
电子资源:
ISBN:
000 00676nam0 2200253 45
001 0178001856
005 20060523104544.04
010    @dCNY0.27
091    @aCN@b15045.总825-有154
100    @a19950731e19781958em y0chiy0121 ea
101 0  @achi
102    @aCN@b110000
105    @ay z 000yy
200 10 @a怎样作拉线@Azen yang zuo la xian@f庞九洋著@Fpang jiu yang zhu
210    @a北京@c人民邮电出版社@d1958
215    @a107页@d19cm
606    @a通信线路-架设
606    @a架设-通信线路
606 0  @a电力工程@x输配电线路
606 0  @a线路杆塔
690    @aTM752@v3
701  0 @a庞九洋@Apang jiu yang@4著
801  0 @aCN@bTSSF@c20060523
905    @a10447@dTM752@e2
    
    怎样作拉线/庞九洋著.-北京:人民邮电出版社,1958
    107页;19cm
    
    
    ISBN :CNY0.27
    
●
相关链接 在E读中查询图书 在五车中查询图书 在当当中查询图书 在豆瓣中查询图书


正题名:怎样作拉线     索取号:TM752/2         预约/预借

序号 登录号 条形码 馆藏地/架位号 状态 备注
1 0005134   202371012   密集书库/ [索取号:TM752/2] 在馆    
唐山师范学院图书馆 欢迎您!
大连网信软件有限公司© 版权所有